Elaboración de plan estratégico en el departamento de Banca de consumo, crédito prendario, BAC Credomatic Nicaragua
Presenta un plan estratégico que permite el incremento de las ventas de Banca de Consumo, que por ende conlleve al cumplimiento de los objetivos de Banca de Consumo. Realiza un diagnóstico sobre la participación que tiene BAC dentro del mercado, determinado con exactitud cuál es la participació...
| Main Author: | |
|---|---|
| Other Authors: | |
| Format: | Tesis Section = Libro |
| Language: | Undetermined Spanish |
| Published: |
Managua
UNI
2009
|
| Subjects: |
| LEADER | 01359nam a2200241Ia 4500 | ||
|---|---|---|---|
| 008 | 240830s9999 xx 000 0 und d | ||
| 040 | |a BIBLIOTECA-RUPAP T.Mon 658.883 M445 | ||
| 041 | |a spa | ||
| 082 | |a T.Mon 658.883 M445 | ||
| 100 | 1 | |a Matus Navarrete, Marcos Javier | |
| 245 | 1 | 0 | |a Elaboración de plan estratégico en el departamento de Banca de consumo, crédito prendario, BAC Credomatic Nicaragua |
| 260 | |a Managua |b UNI |c 2009 | ||
| 300 | |a 58 p. :il. | ||
| 500 | |a Contiene: anexos e Incluye: CD. | ||
| 502 | |a Tesis (Ingeniero de Sistemas)- UNI, 2009. | ||
| 520 | 3 | |a Presenta un plan estratégico que permite el incremento de las ventas de Banca de Consumo, que por ende conlleve al cumplimiento de los objetivos de Banca de Consumo. Realiza un diagnóstico sobre la participación que tiene BAC dentro del mercado, determinado con exactitud cuál es la participación porcentual en los financiamientos para compra de vehículos. Se realiza un análisis de la competencia, un análisis del proceso de crédito de Banca Consumo y finalmente se realiza un diagnóstico, base fundamental para formular un plan estratégico. | |
| 650 | 7 | |a CRÉDITO AL CONSUMIDOR | |
| 650 | 7 | |b ADMINISTRACIÓN DE CRÉDITOS | |
| 650 | 7 | |c PLAN ESTRATÉGICO | |
| 700 | 1 | |a Tutor: |b Borge Pérez, Salomón | |
| 942 | |c BK |2 ddc | ||
| 991 | |a TESIS | ||
| 999 | |c 18776 | ||